Estudio de prefactibilidad para la instalación de una empresa productora de té a base de la pulpa de café orgánico, Estelí, Nicaragua
El objetivo de la investigación es de establecer una planta procesadora de té a base de pulpa de café, se realizó un estudio de pre factibilidad llevando a cabo un estudio de mercado, técnico, financiero y ambiental.
| Main Authors: | , , |
|---|---|
| Other Authors: | |
| Format: | Tesis Section = Libro |
| Language: | Undetermined Spanish |
| Published: |
Managua
UNI/RUACS
2016
|
| Subjects: |
| LEADER | 01299nam a2200325Ia 4500 | ||
|---|---|---|---|
| 008 | 240830s9999 xx 000 0 und d | ||
| 040 | |a BIBLIOTECA-RUPAP Mon 658.11 S164 | ||
| 041 | |a spa | ||
| 082 | |a Mon 658.11 S164 | ||
| 100 | 1 | |a Salguera Centeno, Eling Junieth | |
| 100 | 1 | |b Zeledón, Ixa Mariel. | |
| 100 | 1 | |c Castillo Palacios, Xochil Karelia | |
| 245 | 1 | 0 | |a Estudio de prefactibilidad para la instalación de una empresa productora de té a base de la pulpa de café orgánico, Estelí, Nicaragua |
| 260 | |a Managua |b UNI/RUACS |c 2016 | ||
| 300 | |a 133 p. :il. | ||
| 500 | |a Contiene: anexos e Incluye: CD. | ||
| 502 | |a Tesis (Ingeniero Industrial)- UNI, 2016. | ||
| 520 | 3 | |a El objetivo de la investigación es de establecer una planta procesadora de té a base de pulpa de café, se realizó un estudio de pre factibilidad llevando a cabo un estudio de mercado, técnico, financiero y ambiental. | |
| 650 | 7 | |a NUEVAS EMPRESAS | |
| 650 | 7 | |b NUEVOS NEGOCIOS | |
| 650 | 7 | |c EMPRENDEDORES | |
| 650 | 7 | |d ESTUDIOS DE FACTIBILIDAD | |
| 650 | 7 | |e PULPA DE CAFÉ | |
| 650 | 7 | |f TE DE PULPA DE CAFÉ | |
| 650 | 7 | |g ESTUDIO DE MERCADO | |
| 650 | 7 | |h CAFE-INDUSTRIA Y COMERCIO | |
| 700 | 1 | |a Tutor: |b Pichardo Hernández, Claudio | |
| 942 | |c BK |2 ddc | ||
| 991 | |a TESIS | ||
| 999 | |c 17001 | ||